[Event "Genova op 4th"]
[Site "Genova"]
[Date "2000.08.10"]
[Round "5"]
[White "Clivio, Marco"]
[Black "Bernasconi, Roberto"]
[Result "0-1"]
[WhiteElo "1555"]
[BlackElo "1491"]
[PlyCount "144"]
[EventDate "2000.08.07"]
[EventType "swiss"]
[EventRounds "11"]
[EventCountry "ITA"]
[SourceTitle "EXT 2024"]
[Source "ChessBase"]
[SourceDate "2023.10.10"]
[SourceVersion "1"]
[SourceVersionDate "2023.10.10"]
[SourceQuality "1"]

1. e4 e5 2. Nf3 Nf6 3. Nxe5 d6 4. Nf3 Nxe4 5. Qe2 Qe7 6. d3 Nf6 7. Qxe7+ Bxe7 8. Be2 h6 9. h3 Nc6 10. Bd2 Be6 11. a3 a6 12. Nc3 0-0 13. 0-0 Rad8 14. Nh2 Nd4 15. Rac1 Rfe8 16. Be3 Nxe2+ 17. Nxe2 Nd5 18. Bd2 Bf6 19. Nc3 Nxc3 20. bxc3 Bd7 21. Rfe1 Ba4 22. Ng4 Be7 23. Rb1 b6 24. Rb2 Bf8 25. Rxe8 Rxe8 26. Rb4 Bxc2 27. Bxh6 Re1+ 28. Kh2 gxh6 29. Nf6+ Kg7 30. Nd5 Bxd3 31. Nxc7 Rb1 32. Ne8+ Kh8 33. Rd4 Bg6 34. h4 Rb3 35. Nxd6 h5 36. Ne8 Rxc3 37. g4 hxg4 38. Rxg4 Rxa3 39. Nf6 Rf3 40. Ne4 Bxe4 41. Rxe4 Rxf2+ 42. Kg3 Rb2 43. Kf3 Rb4 44. Re8 Kg7 45. h5 Rh4 46. Re5 Kf6 47. Rd5 Ke6 48. Rd8 Bh6 49. Rh8 Rxh5 50. Kg4 Rg5+ 51. Kh4 Rg6 52. Kh5 Bf4 53. Ra8 Kf5 54. Rh8 Rh6+ 55. Rxh6 Bxh6 56. Kxh6 b5 57. Kg7 b4 58. Kxf7 b3 59. Ke7 a5 60. Kd6 b2 61. Kc5 b1R 62. Kc4 a4 63. Kc3 a3 64. Kc2 a2 65. Kd3 a1R 66. Kd4 Ra5 67. Kc4 Rh1 68. Kb4 Re5 69. Kc4 Rh4+ 70. Kd3 Ra5 71. Kc3 Ra3+ 72. Kb2 Rg3 0-1